000
00301nam a22001337a 4500
008
171207b xxu||||| |||| 00| 0 eng d
020
_a
9780618810178
041
_a
eng
080
_2
9 ED
_a
32
100
_a
20
101
_a
POL
245
_a
THE CHALLENGE DEMOCRACY
_c
JANDA .B
942
_2
udc
_c
BK
999
_c
38806
_d
38806